Clothing Stores - Statistics

General Stats
  • This quiz has been taken 1,611 times
  • The average score is 10 of 18
Answer Stats
Hint Answer % Correct
H & ___ M
93%
Forever ___ 21
86%
Rue ___ 21
86%
____ Navy Old
85%
Banana _________ Republic
81%
American _______ Eagle
77%
__________& Fitch Abercrombie
74%
_____postle Aero
68%
__Crew J
67%
JC__________ Penney
47%
___________ Place Children's
45%
______ Bauer Eddie
44%
Ann _________ Taylor
42%
New York & ___________ Company
38%
Brooks __________ Brothers
35%
Jos. A_____ Bank
34%
____ Limited The
28%
Janie and _____ Jack
15%
No matching quizzes found
Score Distribution
Percent of People with Each Score
Percentile by Number Answered
Your Score History
You have not taken this quiz